Tin học văn phòng cơ bản /

Các bộ phận của máy tính và các thiết bị liên quan;Giới thiệu hệ điều hành MS-DOS; Chương trình tiện ích NC; Vi rút và chống vi rút, hệ điều hành Windows 95; Hệ soạn thảo văn bản Microsoft Word; Bảng tính điện tử Microsoft Excel.

Sparad:
Bibliografiska uppgifter
Huvudupphovsman: Hoàng Hồng.
Materialtyp: Bok
Språk:Vietnamese
Publicerad: Tp.HCM : Giao thông vận tải, 1998.
Ämnen:
Taggar: Lägg till en tagg
Inga taggar, Lägg till första taggen!
Thư viện lưu trữ: Mạng thư viện Đại học Đà Nẵng
LEADER 01101cam a2200337 i 4500
001 000042781
003 656
005 20041028144948.0
008 010217b1998 vm 000 vie
020 |c 15000 
040 |a IRC  |c IRC  |d IRC 
041 0 |a vie 
082 1 4 |a 005.3  |b HO-H 
100 1 |a Hoàng Hồng. 
245 1 0 |a Tin học văn phòng cơ bản /  |c Hoàng Hồng. 
260 |a Tp.HCM :  |b Giao thông vận tải,  |c 1998. 
300 |a 184 tr. ;  |c 20 cm. 
520 3 |a Các bộ phận của máy tính và các thiết bị liên quan;Giới thiệu hệ điều hành MS-DOS; Chương trình tiện ích NC; Vi rút và chống vi rút, hệ điều hành Windows 95; Hệ soạn thảo văn bản Microsoft Word; Bảng tính điện tử Microsoft Excel. 
630 0 4 |a Tin học. 
630 0 4 |a Computer. 
650 0 4 |a Tin học văn phòng. 
OWN |a DUT 
999 |a From the UDN01 
TYP |a Monograph 
TYP |a Printed language 
980 |a Mạng thư viện Đại học Đà Nẵng